MDQL
is popping MORE tags! Check the
thread
!
Quizzes
Events
Quiz Creation
Community
Videos
Private Events
Remove Ads
Sign In
Join for FREE
Feedback
Dark Mode
Quiz Categories
Sports
Geography
Music
Movies
Television
Just For Fun
Miscellaneous
History
Literature
Language
Science
Gaming
Entertainment
Religion
Holiday
For Kids
Quiz Lab
Recent
Popular Today
Quiz Kudos Today
Editor Picks
Curator Picks
Quizzes by...
Day
Popularity
Type
Ratings
Length
Year
Community
Subscriptions
Recent Discussions
Orange Saloon
Badges
Playlists
Quests
Create
Leaderboards
Showdown
Live 5
Trivia Bingo
Activity
Puzzle Library
Sporcle Events
Private Events
Virtual Trivia
Globe League
Become a Host
Pub Owners
SporcleCon
Opinionation
Our Games
Videos
Blog
Mobile Apps
Partnerships
Remove Ads and Go Orange
Feedback
Language
Vocabulary
Begins and Ends
Definition
Spanish
French
German
Italian
Chinese
Latin
Translation
Japanese
Language
Vocabulary
Begins and Ends
Definition
Spanish
French
German
Italian
Chinese
Latin
Translation
Japanese
Random Quiz
Search Sporcle
×
Quiz Lab
Quiz Lab
Language
Numbers
Type in answers that appear in a list
Type in answers that appear in a list
Classic
Best Score? Go Orange.
Languages with > 20 million speakers Stats
Can you name the Languages with more than 20 million speakers?
By
volterra1901
12m
47 Questions
250 Plays
250 Plays
250 Plays
Comments
Comments
Give Quiz Kudos
Give Quiz Kudos
-
- Ratings
hide this ad
Replay
Link that replays current quiz
Next Quiz
Link to next quiz in quiz playlist
You Got
0%
They Got
Avg Score
54%
Avg Friend Score
Upgrade to see
Score Distribution
Jump to the score distribution portion of the page
Score
0/47
Timer
12:00
0
Plays Today
Number of speakers
Language
% Correct
328 000 000
English
99.6%
1 213 000 000
Chinese
99.2%
329 000 000
Spanish
98%
67 800 000
French
97.2%
144 000 000
Russian
95.2%
90 300 000
German
94.4%
178 000 000
Portuguese
93.6%
122 000 000
Japanese
92.8%
221 000 000
Arabic
92.4%
61 700 000
Italian
91.2%
182 000 000
Hindi
86.8%
66 300 000
Korean
82%
21 700 000
Dutch
82%
68 600 000
Vietnamese
81.2%
40 000 000
Polish
77.6%
20 400 000
Thai
76.4%
50 800 000
Turkish
74.4%
31 400 000
Persian
73.2%
60 600 000
Urdu
70.4%
39 100 000
Malay
69.6%
181 000 000
Bengali
64.8%
37 000 000
Ukrainian
64.4%
23 400 000
Romanian
60.8%
23 200 000
Indonesian
59.6%
Number of speakers
Language
% Correct
23 900 000
Tagalog
53.6%
65 700 000
Tamil
52.4%
78 300 000
Lahnda
50%
32 300 000
Burmese
48.4%
84 600 000
Javanese
37.6%
20 300 000
Pushto
37.2%
20 300 000
Uzbek
34.4%
46 500 000
Gujarati
34%
69 800 000
Telugu
31.2%
68 100 000
Marathi
31.2%
25 000 000
Filipino
30.8%
35 300 000
Kannada
26%
35 900 000
Malayalam
24%
31 700 000
Oriya
18.8%
25 000 000
Hausa
18.8%
21 400 000
Sindhi
17.2%
34 000 000
Sunda
14.4%
34 700 000
Maithili
9.6%
38 500 000
Bhojpuri
8.8%
20 000 000
Rajasthani
7.6%
28 200 000
Panjabi
4%
38 300 000
Awadhi
2%
31 100 000
Marwari
2%
Quiz Playlist
Details
Report
Send in Message
Add To Playlist
Classic:
Type in answers that appear in a list
Quiz Source
Last Updated: Feb 16, 2017
Quiz Scoreboard
CHALLENGE
Sign Up to Join the Scoreboard
Show All
Scores
Hide
Comments
May contain spoilers
Recently Published
Two Season TV Shows II
by 123Four
Television
10m
Image Sorting: Flags VI
by Barbecue
Geography
2m
Find the 'City' Movie
by crazypaving
Movies
60s
More to Explore
Quiz From the Vault
Featured Blog Post
14 Easter Pick-up Lines to Find Eggs With
hide this ad
You Might Also Like...
Tags
Country Quiz
Numbers Quiz
million
Speaker
spoken
Today's Top Quizzes in Language
Browse Language
hide this ad
Today's Top Quizzes in Numbers
Browse Numbers
Top Contributed Quizzes in Language
1
What Word Starts All?
2
1-10 Letter F Words III
3
1-10 Letter G Words III
4
Weisst du, aus welchen Sprachen diese Wörter stammen?
5
1-10 Letter H Words III
6
Harry Potter book 6 chapters: English & Greek
7
Arabic Numerals
8
1-10 Letter I Words III
9
One Thing in Common: Italy
10
Celtic Nations in their Language
Explore More
Trending Topics
Harry Potter
NBA
Disney
Kpop
Crossword
Marvel
Anime
Puzzle
WWE
Soccer
Song
Pokémon
The Office
NFL
Country
hide this ad
More By:
volterra1901
Quiz
Plays
Rating
Category
Featured
Created
Name the Madonna song
883
4.75
Music
Mar 25, 2010
Languages with > 20 million speakers
250
4.00
Language
Jul 19, 2010
Countries that include only one vowel
109
4.50
Geography
Nov 21, 2012
Go to Creator's Profile
Score Distribution
Quiz Creator Spotlight
volterra1901
Follow
Send a Message
Quizzes Created
-
Created Quiz Play Count
-
More By This Creator
Popular Quizzes Today
1
Find the US States - No Outlines Minefield
2
Colored Red Africa Blitz
3
Find the 'City' Movie
4
5x2 Blitz: Bands
5
The Countries of the World
6
Find the Countries of Europe - No Outlines Minefield
7
Find the US States
8
US States
More Language Quizzes
One Letter Different: NATO Phonetic Alphabet
Published
Trending Quizzes
Colored Red Europe Blitz I
Colored Red Africa Blitz II
Colored Red Europe Blitz II
Colored Red Africa Blitz III
Even More Two Season TV Shows
Recently Updated
March Madness Men's Triple Doubles
pecheneg
How Do You Spell That?
pecheneg
Godzilla Movies
pecheneg
Grab Bag: 4-10 Letters
pecheneg
2024 March Madness Bracket
pecheneg
Famous TV Couples
Peacemaker
Champions League XIs: Real Madrid
pecheneg
Largest US Cities 1790-2010
pecheneg
Rides in Walt Disney World
pecheneg
Most Oscar Losses (Acting)
pecheneg
Trending Topics
Anime
Crossword
Harry Potter
NBA
Kpop
Disney
Marvel
WWE
Country
Song
The Office
Soccer
Pokémon
NFL
Puzzle
Your Account Isn't Verified!
In order to create a playlist on Sporcle, you need to verify the email address you used during registration. Go to your
Sporcle Settings
to finish the process.
Report this User
Report this user for behavior that violates our
Community Guidelines
.
Details:
Send Report
Go to the Sporcle.com Mobile Site →
Comments